[Event "European Blitz 2022"]
[Site "Katowice POL"]
[Date "2022.12.16"]
[Round "10.15"]
[White "Livaic, Leon"]
[Black "Gaehwiler, Gabriel"]
[Result "0-1"]
[WhiteTitle "GM"]
[BlackTitle "IM"]
[WhiteElo "2572"]
[BlackElo "2408"]
[WhiteFideId "14531534"]
[BlackFideId "1314530"]
[EventDate "2022.12.16"]

1. d4 Nf6 2. c4 g6 3. Nc3 Bg7 4. e4 d6 5. h3 O-O 6. Be3 Na6 7. Qd2 e5 8. d5 Nc5
9. f3 a5 10. g4 c6 11. Nge2 cxd5 12. cxd5 Bd7 13. Ng3 Rb8 14. Bb5 Ne8 15. O-O
Nc7 16. Bxd7 Qxd7 17. Rfc1 b5 18. Nd1 b4 19. Bxc5 dxc5 20. Rxc5 Ne6 21. Rc4 Nd4
22. Kg2 f5 23. exf5 gxf5 24. Nxf5 Nxf5 25. gxf5 Qxf5 26. Qe2 Bh6 27. Ne3 Qf7 28.
Ng4 Bg7 29. Rd1 Rbd8 30. d6 Qe6 31. Rc6 Kh8 32. Qe4 Qxa2 33. Rd2 Qe6 34. d7 Qe7
35. Qd5 a4 36. Re6 Qg5 37. Qc6 Qxd2+ 38. Kg3 Qxd7 0-1

[Event "European Blitz 2022"]
[Site "Katowice POL"]
[Date "2022.12.16"]
[Round "10.16"]
[White "Tazbir, Marcin"]
[Black "Cherniaiev, Tykhon"]
[Result "0-1"]
[WhiteTitle "GM"]
[BlackTitle "FM"]
[WhiteElo "2508"]
[BlackElo "2330"]
[WhiteFideId "1122452"]
[BlackFideId "14182360"]
[EventDate "2022.12.16"]

1. c4 e5 2. g3 Nf6 3. Bg2 d5 4. cxd5 Nxd5 5. Nf3 Nc6 6. O-O Be6 7. d4 exd4 8.
Nxd4 Nxd4 9. Qxd4 c6 10. Nc3 Qf6 11. Qxf6 Nxf6 12. e4 Bb4 13. a3 Ba5 14. e5 Bxc3
15. bxc3 Nd5 16. c4 Nc3 17. c5 Ne2+ 18. Kh1 Nxc1 19. Raxc1 O-O-O 20. Rfd1 Rxd1+
21. Rxd1 Rd8 22. Rxd8+ Kxd8 23. f4 g6 24. Kg1 Kc7 25. Kf2 b6 26. cxb6+ axb6 27.
Ke3 b5 28. Kd4 Kb6 29. Bf3 h5 30. Be2 c5+ 31. Kc3 Ka5 32. Kb2 b4 33. axb4+ Kxb4
34. Kc2 c4 35. Kb2 c3+ 36. Kc1 Kc5 37. Bf1 Kd4 38. Kc2 Bf5+ 39. Kb3 c2 40. Kb2
Ke3 41. Kc1 Kf2 42. Bc4 Be6 0-1

[Event "European Blitz 2022"]
[Site "Katowice POL"]
[Date "2022.12.16"]
[Round "10.17"]
[White "Alonso Rosell, Alvar"]
[Black "Psyk, Radoslaw"]
[Result "1-0"]
[WhiteTitle "GM"]
[WhiteElo "2561"]
[BlackElo "2438"]
[WhiteFideId "2270544"]
[BlackFideId "1182838"]
[EventDate "2022.12.16"]

1. d4 Nf6 2. c4 e5 3. dxe5 Ng4 4. e3 Nxe5 5. f4 Nec6 6. Bd3 d6 7. Ne2 Nd7 8. O-O
Nc5 9. Nbc3 g6 10. Rb1 a5 11. Nd5 Bg7 12. Bc2 Nb4 13. Nxb4 axb4 14. Bd2 Rxa2 15.
Bxb4 Qe7 16. Nc3 Bxc3 17. Bxc3 Qxe3+ 18. Kh1 O-O 19. f5 Ne4 20. Bd4 Qg5 21. Bxe4
Qh4 22. Bc2 Ra5 23. Bc3 Rc5 24. b3 Re8 25. Qd2 b5 26. Rbe1 Rxe1 27. Rxe1 Bd7 28.
Qd4 Qxd4 29. Bxd4 Rc6 30. Re7 bxc4 31. Rxd7 f6 32. Be4 Ra6 33. Bd5+ Kf8 34. Bxc4
Ra2 35. h4 gxf5 36. Rxc7 Rd2 37. Bxf6 f4 38. Rc8# 1-0

[Event "European Blitz 2022"]
[Site "Katowice POL"]
[Date "2022.12.16"]
[Round "10.18"]
[White "Vogel, Roven"]
[Black "Barski, Radoslaw"]
[Result "1-0"]
[WhiteTitle "IM"]
[BlackTitle "IM"]
[WhiteElo "2463"]
[BlackElo "2441"]
[WhiteFideId "12908088"]
[BlackFideId "1131710"]
[EventDate "2022.12.16"]

1. c4 e6 2. Nc3 d5 3. d4 Nf6 4. cxd5 exd5 5. Bg5 c6 6. e3 Be7 7. Bd3 O-O 8. Qc2
h6 9. Bh4 Ne8 10. Bg3 Nd6 11. Nf3 Re8 12. O-O Bf8 13. b4 g6 14. b5 h5 15. Bxg6
Bg4 16. Bh7+ Kh8 17. Ne5 Be6 18. Bd3 h4 19. Bf4 Bg7 20. Qe2 Kg8 21. Qh5 cxb5 22.
Nxb5 Nc4 1-0

[Event "European Blitz 2022"]
[Site "Katowice POL"]
[Date "2022.12.16"]
[Round "10.19"]
[White "Pultinevicius, Paulius"]
[Black "Ondozi, Murtez"]
[Result "1-0"]
[WhiteTitle "GM"]
[BlackTitle "FM"]
[WhiteElo "2561"]
[BlackElo "2406"]
[WhiteFideId "12809390"]
[BlackFideId "937576"]
[EventDate "2022.12.16"]

1. d4 d5 2. Bf4 c6 3. e3 Qb6 4. Qc1 Bf5 5. c4 e6 6. Nc3 Nf6 7. Nf3 Nbd7 8. Nh4
Bg6 9. h3 Be7 10. Be2 dxc4 11. Bxc4 O-O 12. Nxg6 hxg6 13. O-O Rac8 14. Rd1 Rfd8
15. e4 Bb4 16. a3 Bxc3 17. bxc3 Nxe4 18. Re1 Nef6 19. Rb1 Qa5 20. Rxb7 Nd5 21.
Bg5 N7f6 22. Bd2 Rb8 23. Rxb8 Rxb8 24. Ba2 Qa4 25. c4 Ne7 26. g4 Rd8 27. Be3 Rb8
28. Kg2 Rb7 29. Re2 Nd7 30. Rb2 Rxb2 31. Qxb2 Nb6 32. Qb4 Qxb4 33. axb4 Kf8 34.
Kf3 f6 35. Bf4 Ke8 36. h4 Kd7 37. Ke3 Nbc8 38. Bb8 a6 39. Bb1 Nd6 40. Bd3 Nec8
41. c5 Nb5 42. Bxg6 Ne7 43. Be4 Nd5+ 44. Bxd5 exd5 45. h5 Ke6 46. f4 Nc3 47. f5+
Kf7 48. Bg3 Nb5 49. Be1 Na3 50. Kd3 Nb5 51. Bf2 Na3 52. Kc3 Nc4 53. Kb3 Kg8 54.
Kc2 Kf7 55. Kd3 Kg8 1-0

[Event "European Blitz 2022"]
[Site "Katowice POL"]
[Date "2022.12.16"]
[Round "10.20"]
[White "Manik, Mikulas"]
[Black "Drozdowski, Kacper"]
[Result "0-1"]
[WhiteTitle "GM"]
[BlackTitle "IM"]
[WhiteElo "2359"]
[BlackElo "2448"]
[WhiteFideId "14900734"]
[BlackFideId "1136720"]
[EventDate "2022.12.16"]

1. e4 c5 2. Nf3 e6 3. d4 cxd4 4. Nxd4 a6 5. Nc3 Qc7 6. Bd3 Nc6 7. Nxc6 dxc6 8.
O-O e5 9. f4 Nf6 10. f5 Bc5+ 11. Kh1 h5 12. Qf3 b5 13. Bg5 Bb7 14. a4 Rd8 15.
Nd1 Be7 16. Nf2 Qb6 17. Qe2 Nd7 18. Bxe7 Kxe7 19. c4 b4 20. a5 Qc5 21. Nd1 Nf6
22. Ne3 Rd7 23. Bc2 Rhd8 24. Qf2 Rd4 25. Qg3 Rd2 26. Rae1 Qd4 27. Qxg7 Qxb2 28.
Rb1 Qd4 29. Rxb4 Bc8 30. Rb3 Rxc2 31. Nxc2 Qxc4 32. Rbb1 Qxc2 33. Rbc1 Qxe4 34.
Rfe1 Qxf5 35. Rxc6 Rg8 36. Qh6 Be6 37. Rc7+ Nd7 38. Qd2 Qf4 39. Qb2 Qd4 40. Qa3+
Qd6 41. Qc3 Rg4 42. h3 Rd4 43. Rc6 Qd5 44. Rxa6 Rd2 45. Qb4+ Nc5 46. Ra7+ Bd7
47. Qh4+ f6 48. Qg3 Kd6 49. Qg7 Qe6 50. Qf8+ Kd5 51. Rc7 Nd3 52. Rb1 Ke4 53. Qh6
Nf4 54. Qh7+ Qf5 55. Qxf5+ Bxf5 56. a6 Ra2 57. a7 Kd4 58. Rd1+ Ke3 59. Re1+ Ne2
60. Kh2 Be4 61. Rf7 f5 62. Rg7 Kf2 63. Rd1 Nd4 64. Rc1 Ke3 65. Rc3+ Kd2 66. Rc5
Kd3 67. Kg1 Ra1+ 68. Kh2 Ra2 69. Kg1 Ne2+ 70. Kh2 Kd4 71. Rcc7 Nf4 72. Rgd7+ Ke3
73. Rc3+ Kf2 74. Rg3 Nxg2 75. Re7 Nf4 76. Rxe5 Kf1+ 0-1

[Event "European Blitz 2022"]
[Site "Katowice POL"]
[Date "2022.12.16"]
[Round "10.21"]
[White "Piesik, Piotr"]
[Black "Sahidi, Samir"]
[Result "1/2-1/2"]
[WhiteTitle "IM"]
[BlackTitle "IM"]
[WhiteElo "2420"]
[BlackElo "2494"]
[WhiteFideId "1136194"]
[BlackFideId "14936372"]
[EventDate "2022.12.16"]

1. Nf3 Nf6 2. g3 d5 3. Bg2 c6 4. O-O Bf5 5. d3 e6 6. c4 Nbd7 7. cxd5 exd5 8. Nc3
Be7 9. Qb3 Qb6 10. Qc2 O-O 11. e4 dxe4 12. dxe4 Bg6 13. Be3 Qc7 14. Nh4 Rad8 15.
Nxg6 hxg6 16. Nd5 Nxd5 17. exd5 c5 18. b4 b6 19. a4 Qb8 20. bxc5 Bxc5 21. Bg5
Rc8 22. Qb3 Nf6 23. Qf3 Qe5 24. Bf4 Qf5 25. Rad1 Rfd8 26. h4 Bd6 27. Bg5 Qxf3
28. Bxf3 Rc4 29. Ra1 Bc5 30. Rfc1 Rb4 31. Rcb1 a5 32. Rxb4 axb4 33. a5 bxa5 34.
Rxa5 Bd6 35. Rb5 Rb8 36. Rxb8+ Bxb8 37. Bxf6 gxf6 38. Bd1 Kf8 39. g4 Bf4 40. Kg2
Ke7 41. Kf3 Bh6 42. Ke4 Kd6 43. Bb3 Bf8 44. f4 Bg7 45. f5 g5 1/2-1/2

[Event "European Blitz 2022"]
[Site "Katowice POL"]
[Date "2022.12.16"]
[Round "10.22"]
[White "Dobrovoljc, Vid"]
[Black "Stefansson, Hannes"]
[Result "0-1"]
[WhiteTitle "FM"]
[BlackTitle "GM"]
[WhiteElo "2384"]
[BlackElo "2526"]
[WhiteFideId "14609843"]
[BlackFideId "2300087"]
[EventDate "2022.12.16"]

1. Nf3 Nf6 2. g3 b5 3. Bg2 Bb7 4. O-O e6 5. d3 c5 6. e4 d6 7. Re1 Be7 8. c3 O-O
9. Bg5 b4 10. cxb4 cxb4 11. Nbd2 Nc6 12. d4 h6 13. Bf4 a5 14. Rc1 a4 15. a3 bxa3
16. bxa3 d5 17. e5 Nd7 18. Bf1 Bxa3 19. Ra1 Qe7 20. Nb1 Bb4 21. Re3 Nb6 22. Bd3
Na5 23. Re2 Rfc8 24. h4 Ba6 25. Nh2 Bxd3 26. Qxd3 Nb3 0-1

[Event "European Blitz 2022"]
[Site "Katowice POL"]
[Date "2022.12.16"]
[Round "10.23"]
[White "Szpar, Milosz"]
[Black "Mitusov, Semen"]
[Result "1/2-1/2"]
[WhiteTitle "IM"]
[BlackTitle "IM"]
[WhiteElo "2428"]
[BlackElo "2397"]
[WhiteFideId "1184989"]
[BlackFideId "14151049"]
[EventDate "2022.12.16"]

1. e4 e5 2. Nf3 Nc6 3. Bb5 a6 4. Ba4 Nf6 5. O-O b5 6. Bb3 Be7 7. d4 d6 8. dxe5
Nxe5 9. Bf4 Nxf3+ 10. Qxf3 Bb7 11. Nc3 c5 12. Bd5 Nxd5 13. Nxd5 Bxd5 14. exd5
O-O 15. Rfe1 Qd7 16. c3 Bf6 17. Qg3 Rad8 18. Re2 a5 19. Rae1 a4 20. Bg5 Bxg5 21.
Qxg5 Rfe8 22. Re7 Rxe7 23. Rxe7 Re8 24. Rxe8+ Qxe8 25. Kf1 h6 26. Qf4 Qe7 27. h4
h5 28. g3 g6 29. b3 a3 30. b4 Qc7 31. Kg2 c4 32. Qe3 Qb7 33. Qe4 Kf8 34. f3 Qa7
35. g4 hxg4 36. fxg4 Qa4 37. Qe2 Qa8 38. Qe4 Qd8 39. Qf4 Qe7 40. Qh6+ Kg8 41.
Kf3 Qe5 42. Qd2 Kh7 43. Kg2 Qe4+ 44. Kg3 Qb1 45. Kf4 Qb2 46. Qd4 Qxa2 47. Kg5
Qc2 48. Kf6 Qe2 49. Kxf7 Qf3+ 50. Ke6 Qe2+ 51. Kd7 a2 52. Qa7 Qb2 53. Kxd6+ Kh6
54. Qe3+ Kg7 55. Qe7+ Kh6 56. Qf8+ Kh7 57. Qf7+ Kh6 58. Qf4+ Kh7 59. Qf7+ Kh6
60. Qf8+ Kh7 61. Qe7+ Kh6 62. Qf8+ 1/2-1/2

[Event "European Blitz 2022"]
[Site "Katowice POL"]
[Date "2022.12.16"]
[Round "10.24"]
[White "Cramling, Pia"]
[Black "Sargsyan, Shant"]
[Result "1/2-1/2"]
[WhiteTitle "GM"]
[BlackTitle "GM"]
[WhiteElo "2463"]
[BlackElo "2645"]
[WhiteFideId "1700030"]
[BlackFideId "13306766"]
[EventDate "2022.12.16"]

1. d4 Nf6 2. c4 e6 3. Nf3 d5 4. Nc3 h6 5. Bf4 Bb4 6. Qb3 c5 7. dxc5 Nc6 8. a3
Bxc5 9. e3 O-O 10. cxd5 exd5 11. Be2 Bb6 12. O-O Be6 13. Qa4 a6 14. Rfd1 Qe7 15.
h3 Rfd8 16. Rac1 Rac8 17. Ne5 Nxe5 18. Bxe5 Nd7 19. Bd4 Bc7 20. Bf1 Ne5 21. Bxe5
Bxe5 22. Nxd5 Bxd5 23. Rxc8 Rxc8 24. Rxd5 Bxb2 25. Rd7 Qe8 26. Qd1 b5 27. Ra7
Qc6 28. Qb3 Qf6 29. a4 Rb8 30. axb5 axb5 31. Bxb5 Be5 32. Qc4 Rd8 33. Qe2 Bb8
34. Ra2 Qe5 35. g3 h5 36. h4 g6 37. Bc4 Kg7 38. Rd2 Rxd2 39. Qxd2 Qf6 40. Qd5
Bd6 41. Kg2 Bb8 42. Bd3 Qe5 43. Qxe5+ 1/2-1/2

[Event "European Blitz 2022"]
[Site "Katowice POL"]
[Date "2022.12.16"]
[Round "10.25"]
[White "Langheinrich, Ferenc"]
[Black "Dvirnyy, Danyyil"]
[Result "0-1"]
[WhiteTitle "IM"]
[BlackTitle "GM"]
[WhiteElo "2381"]
[BlackElo "2530"]
[WhiteFideId "4641973"]
[BlackFideId "817570"]
[EventDate "2022.12.16"]

1. e4 c6 2. d4 d5 3. e5 Bf5 4. Nf3 e6 5. Be2 Nd7 6. O-O h6 7. a4 Ne7 8. a5 a6 9.
Nbd2 Bh7 10. Nb3 Nc8 11. Be3 Be7 12. Ne1 Qc7 13. Nd3 Bxd3 14. Bxd3 c5 15. Nxc5
Nxc5 16. dxc5 Bxc5 17. Bxc5 Qxc5 18. Qg4 O-O 19. Kh1 Ne7 20. f4 Rac8 21. Rf3 Nf5
22. Qh3 Qb4 23. b3 Qd2 24. Raf1 Rxc2 25. Bxc2 Qxc2 26. R3f2 Qe4 27. Rc1 Nd4 28.
b4 Ne2 29. Rcf1 Nd4 30. Rc1 Nc6 31. Qc3 d4 32. Qd2 Rd8 33. Re1 Qf5 34. h3 h5 35.
Kh2 h4 36. Rf3 d3 37. Rd1 Rd4 38. Rxd3 Rxf4 39. Qe2 Nxe5 40. Rd8+ Kh7 41. R8d4
Nc6 42. Rxf4 Qxf4+ 43. Kh1 Qxb4 44. Qh5+ Kg8 45. Rf1 Qe7 46. Qg4 g6 47. Qa4 Qc5
48. Qa1 Qxa5 49. Qf6 Qc7 50. Qxh4 Qd7 51. Qf6 a5 52. h4 Qe7 53. Qf4 e5 54. Qc4
Kg7 55. h5 gxh5 56. Kg1 Nd4 57. Qd5 a4 58. Qc4 a3 59. Qc1 Ne2+ 0-1

[Event "European Blitz 2022"]
[Site "Katowice POL"]
[Date "2022.12.16"]
[Round "10.27"]
[White "Kulon, Klaudia"]
[Black "Schneider, Ilja"]
[Result "0-1"]
[WhiteTitle "IM"]
[BlackTitle "IM"]
[WhiteElo "2274"]
[BlackElo "2483"]
[WhiteFideId "1131044"]
[BlackFideId "4663306"]
[EventDate "2022.12.16"]

1. c4 c6 2. g3 d5 3. cxd5 cxd5 4. Bg2 Nf6 5. b3 Nc6 6. Bb2 Bf5 7. Nf3 e6 8. d3
h6 9. O-O Be7 10. Nbd2 O-O 11. a3 Rc8 12. b4 Bh7 13. Nb3 Nd7 14. Rc1 Bf6 15. Qd2
Bxb2 16. Qxb2 Qf6 17. Qd2 Nde5 18. Ne1 Nb8 19. Nc2 Rc7 20. Ncd4 Rfc8 21. Rxc7
Rxc7 22. Nb5 Rc8 23. Nxa7 Rc3 24. Rb1 Ng4 25. f3 Rxb3 26. Rxb3 Qd4+ 27. e3 Nxe3
28. Nb5 Qb6 29. Qf2 d4 30. a4 e5 31. f4 Nc6 32. h3 Qd8 33. Kh2 exf4 34. Qxf4
Nxg2 35. Kxg2 Qd5+ 36. Kg1 Qxb3 37. Qb8+ 0-1

[Event "European Blitz 2022"]
[Site "Katowice POL"]
[Date "2022.12.16"]
[Round "10.28"]
[White "Raczek, Krzysztof"]
[Black "Bartel, Mateusz"]
[Result "0-1"]
[BlackTitle "GM"]
[WhiteElo "2161"]
[BlackElo "2627"]
[WhiteFideId "21005303"]
[BlackFideId "1112635"]
[EventDate "2022.12.16"]

1. c4 b6 2. Nf3 Bb7 3. g3 Nf6 4. Bg2 g6 5. b3 Bg7 6. Bb2 O-O 7. O-O e6 8. Nc3 d5
9. cxd5 exd5 10. d4 Nbd7 11. Rc1 c6 12. b4 Re8 13. b5 c5 14. e3 a6 15. bxa6 Rxa6
16. Re1 Qa8 17. Nb5 Qb8 18. Ne5 Rxa2 19. Qb3 Rxb2 20. Qxb2 Nxe5 21. dxe5 Rxe5
22. Nc3 Re6 23. Red1 Ne4 24. Bxe4 dxe4 25. Qd2 Bf6 26. Nd5 Be5 27. Qc2 Kg7 28.
Nc3 Qc7 29. Nd5 Qc6 30. Nf4 0-1

[Event "European Blitz 2022"]
[Site "Katowice POL"]
[Date "2022.12.16"]
[Round "10.29"]
[White "Azarov, Sergei"]
[Black "Jarmula, Lukasz"]
[Result "1-0"]
[WhiteTitle "GM"]
[BlackTitle "GM"]
[WhiteElo "2562"]
[BlackElo "2469"]
[WhiteFideId "13501470"]
[BlackFideId "1160664"]
[EventDate "2022.12.16"]

1. e4 c5 2. Nf3 e6 3. d4 cxd4 4. Nxd4 a6 5. Be2 b5 6. O-O Bb7 7. Nd2 Nc6 8. Nxc6
Bxc6 9. Bd3 Ne7 10. b3 Ng6 11. f4 Bc5+ 12. Kh1 O-O 13. Nf3 Nh4 14. Bb2 Nxf3 15.
Qxf3 f6 16. Rad1 Qe7 17. Qe2 Rfb8 18. Rf3 e5 19. Rh3 exf4 20. e5 f5 21. Bxf5 g6
22. Qg4 Rf8 23. Bxd7 Be4 24. Qe6+ Kh8 25. Qxe7 Bxe7 26. e6+ Kg8 27. Re1 Bxc2 28.
Rc3 Bf5 29. Rc7 Bg4 30. Bc6 Rfe8 31. Bxe8 Rxe8 32. h3 Bf5 33. Kg1 Bf8 34. e7 Bh6
35. Rd1 Bg5 36. Rd8 Rxd8 37. exd8=Q+ Bxd8 38. Rg7+ Kf8 39. Rxh7 Bb6+ 40. Kh2 Bf2
41. Be5 Be3 42. Rc7 Bb1 43. a4 bxa4 44. bxa4 Bd3 45. Rc3 Be2 46. Rc6 g5 47. Rg6
g4 48. hxg4 Kf7 49. Rf6+ Ke7 50. g5 1-0

[Event "European Blitz 2022"]
[Site "Katowice POL"]
[Date "2022.12.16"]
[Round "10.30"]
[White "Sebenik, Matej"]
[Black "Kjartansson, Gudmundur"]
[Result "0-1"]
[WhiteTitle "GM"]
[BlackTitle "GM"]
[WhiteElo "2538"]
[BlackElo "2453"]
[WhiteFideId "14602296"]
[BlackFideId "2301318"]
[EventDate "2022.12.16"]

1. Nf3 Nf6 2. c4 e6 3. g3 d5 4. Bg2 Be7 5. d4 O-O 6. O-O Nbd7 7. Qc2 c6 8. Nbd2
b6 9. e4 dxc4 10. Nxc4 Bb7 11. Bf4 c5 12. Rfe1 cxd4 13. Nd6 Bxd6 14. Bxd6 d3 15.
Qxd3 Bxe4 16. Qd4 e5 17. Qa4 b5 18. Qxb5 Re8 19. Rad1 Bxf3 20. Bxf3 e4 21. Bg2
Qb6 22. Qxb6 axb6 23. a3 Ne5 24. Bxe5 Rxe5 25. f3 h5 26. fxe4 Ra4 27. Rd6 b5 28.
Rb6 Kh7 29. Bf1 Ra5 30. Re3 Nd5 31. exd5 Rxe3 32. Rxb5 Rxb5 33. Bxb5 Rb3 34. a4
Kg6 35. d6 Kf6 36. d7 Ke7 37. Bc4 Rxb2 38. Bxf7 h4 39. gxh4 Kxd7 40. Bc4 Kd6 41.
Bb5 Ke5 42. Bf1 Ra2 43. Bb5 Kf4 44. h5 Kg5 45. Be8 Rb2 46. Kh1 Kg4 47. Kg1 Kh3
48. Bd7+ Kh4 49. Be8 Ra2 50. Kh1 Rc2 51. Kg1 Kh3 52. Bd7+ Kh4 53. Be8 Re2 54.
Bb5 Re5 55. Bf1 Kxh5 56. Kf2 Kh4 57. Kf3 Rf5+ 58. Kg2 Rf4 59. a5 Ra4 60. a6 g5
61. Kf2 g4 62. Kg1 Ra2 63. Kh1 g3 64. hxg3+ Kxg3 65. Kg1 Ra1 66. a7 Rxa7 0-1

[Event "European Blitz 2022"]
[Site "Katowice POL"]
[Date "2022.12.16"]
[Round "10.31"]
[White "Hjartarson, Johann"]
[Black "Morgunov, Marc"]
[Result "1-0"]
[WhiteTitle "GM"]
[BlackTitle "FM"]
[WhiteElo "2476"]
[BlackElo "2402"]
[WhiteFideId "2300044"]
[BlackFideId "1640305"]
[EventDate "2022.12.16"]

1. c4 Nf6 2. Nf3 g6 3. d4 Bg7 4. Nc3 O-O 5. e4 d6 6. Be2 e5 7. O-O Nc6 8. d5 Ne7
9. b4 a5 10. Ba3 axb4 11. Bxb4 b6 12. a4 Ne8 13. Qc2 f5 14. Ng5 c5 15. Ba3 h6
16. Nf3 g5 17. Nd2 f4 18. g4 Nf6 19. f3 h5 20. h3 Ng6 21. Rf2 Nh4 22. Rb1 Rf7
23. Bc1 Bf8 24. Qd1 Rfa7 25. Nf1 Bd7 26. Qb3 Ra6 27. Bd2 Be7 28. Be1 Qe8 29. Rh2
Ng6 30. Nb5 Rxa4 31. Nc7 Qd8 32. Nxa8 Qxa8 33. Qxb6 Ra2 34. Qb8+ Qxb8 35. Rxb8+
Kf7 36. Rb7 Ba4 37. Ra7 Ra1 38. Bc3 Ra3 39. Bb2 Ra2 40. Bd1 Bxd1 41. Rxa2 Bxf3
42. gxh5 Nxh5 43. Nd2 Bd1 44. Ra7 Kf6 45. Ra1 Bc2 46. Rc1 Ba4 47. Nf3 Ng3 48.
Rg2 Nxe4 49. Re1 Ng3 50. Rxg3 fxg3 51. Kg2 Nf4+ 52. Kxg3 Bb3 53. Nd2 Bc2 54. Kf3
Kf5 55. Nf1 e4+ 56. Kg3 Bd3 57. Ne3+ Kg6 58. Ra1 Kf7 59. Ra7 Ke8 60. Nf5 Bf8 61.
h4 Bxc4 62. hxg5 Nxd5 63. g6 Ne7 64. Ra8+ Kd7 65. Rxf8 Nxg6 66. Rf6 Ne7 67.
Rxd6+ Kc7 68. Rf6 1-0

[Event "European Blitz 2022"]
[Site "Katowice POL"]
[Date "2022.12.16"]
[Round "10.32"]
[White "Strejczek, Dariusz"]
[Black "Tregubov, Pavel V."]
[Result "0-1"]
[BlackTitle "GM"]
[WhiteElo "2149"]
[BlackElo "2553"]
[WhiteFideId "1122142"]
[BlackFideId "4115341"]
[EventDate "2022.12.16"]

1. e4 c5 2. f4 d5 3. e5 Nc6 4. Nf3 Bg4 5. d3 e6 6. h3 Bxf3 7. Qxf3 Nd4 8. Qf2 h5
9. g3 Be7 10. Bg2 Nh6 11. c3 Nc6 12. Bf3 Nf5 13. h4 Qc7 14. Na3 a6 15. Bd2 f6
16. exf6 Bxf6 17. Qe2 Nxg3 18. Qxe6+ Qe7 19. Qxe7+ Nxe7 20. Rh3 Ngf5 21. O-O-O
O-O-O 22. c4 Nxh4 23. Bh1 d4 24. b4 cxb4 25. Bxb4 Nc6 26. Bc5 Kc7 27. Nc2 Nf5
28. Nb4 Nxb4 29. Bxb4 Be7 30. Ba5+ b6 31. Bd2 Bc5 32. Be4 Ne3 33. Rg1 Rd7 34.
Rhg3 Bd6 35. Rxg7 Bxf4 36. Rxd7+ Kxd7 37. Rg7+ Ke6 38. Rg6+ Ke5 39. Rxb6 Nxc4
40. dxc4 Bxd2+ 41. Kxd2 Kxe4 42. Rxa6 h4 43. Re6+ Kf5 44. Re1 h3 45. Kd3 h2 46.
Rh1 Ke5 47. a4 Rh3+ 48. Kd2 Ke4 49. a5 Ra3 50. c5 Rxa5 51. c6 Ra2+ 0-1

[Event "European Blitz 2022"]
[Site "Katowice POL"]
[Date "2022.12.16"]
[Round "10.33"]
[White "Nasuta, Grzegorz"]
[Black "Kacprzak, Karol"]
[Result "1-0"]
[WhiteTitle "GM"]
[WhiteElo "2546"]
[BlackElo "2226"]
[WhiteFideId "1141686"]
[BlackFideId "21819327"]
[EventDate "2022.12.16"]

1. e4 c5 2. Nf3 d6 3. d4 cxd4 4. Nxd4 Nf6 5. Nc3 a6 6. Be2 e6 7. Be3 b5 8. Bf3
e5 9. Nb3 Be6 10. a4 b4 11. Nd5 Bxd5 12. exd5 Nbd7 13. a5 Be7 14. O-O O-O 15.
Qd2 Rb8 16. Ra4 Qc7 17. Qd3 Qb7 18. Nd2 g6 19. Nc4 Rfc8 20. Rd1 Nc5 21. Bxc5
Rxc5 22. g3 Nd7 23. b3 f5 24. Bg2 Qb5 25. Qd2 Rxc4 26. Bf1 Rd4 27. Qxd4 exd4 28.
Bxb5 Rxb5 29. Rxd4 Nf6 30. Rdxb4 Rxd5 31. Rb6 Rd1+ 32. Kg2 Rd2 33. Rxa6 Ne4 34.
Ra8+ Kg7 35. Ra7 Kf6 36. a6 Rxf2+ 37. Kg1 Rxc2 38. Rxe7 Ng5 39. Re3 Nh3+ 40. Kf1
Rxh2 41. a7 1-0

[Event "European Blitz 2022"]
[Site "Katowice POL"]
[Date "2022.12.16"]
[Round "10.34"]
[White "Lauda, Alexandr"]
[Black "Wieczorek, Oskar"]
[Result "0-1"]
[BlackTitle "GM"]
[WhiteElo "2032"]
[BlackElo "2504"]
[WhiteFideId "13903179"]
[BlackFideId "1133950"]
[EventDate "2022.12.16"]

1. e4 c5 2. Nf3 e6 3. d4 cxd4 4. c3 d3 5. Bxd3 Nc6 6. O-O Qc7 7. Qe2 d6 8. Nd4
a6 9. f4 Be7 10. f5 e5 11. Nc2 Nf6 12. Bg5 Nb8 13. Bxf6 Bxf6 14. Ne3 Nd7 15. Nd5
Qc5+ 16. Kh1 Nb6 17. b4 Qc6 18. b5 Qc5 19. Nxb6 Qxb6 20. Nd2 O-O 21. a4 axb5 22.
Bxb5 Qc5 23. c4 b6 24. Nb3 Qc7 25. Qd3 Bb7 26. Nc1 Rfd8 27. Ne2 Qc5 28. Rfd1 h5
29. Nc3 h4 30. Nd5 Bxd5 31. exd5 h3 32. Qxh3 e4 33. Rab1 Ra7 34. Re1 Re7 35. Qe3
Qxe3 36. Rxe3 Bd4 37. Re2 e3 38. g4 Re4 39. h3 Kf8 40. Kg2 Ke7 41. Kf3 Re5 42.
Rh1 g6 43. fxg6 fxg6 44. h4 Rf8+ 45. Kg3 Re4 46. Rd1 Be5+ 47. Kh3 Rf3+ 48. Kg2
Rg3+ 49. Kh1 Rexg4 50. Rh2 Rf3 51. c5 Bxh2 52. cxb6 Be5 53. b7 Rh3# 0-1

[Event "European Blitz 2022"]
[Site "Katowice POL"]
[Date "2022.12.16"]
[Round "10.35"]
[White "Ziogas, Modestas"]
[Black "Plichta, Kamil"]
[Result "0-1"]
[BlackTitle "FM"]
[WhiteElo "2098"]
[BlackElo "2394"]
[WhiteFideId "12803740"]
[BlackFideId "1141830"]
[EventDate "2022.12.16"]

1. d4 Nf6 2. Nc3 e6 3. Bg5 Bb4 4. Qd3 h6 5. Bh4 c5 6. O-O-O cxd4 7. Qxd4 Nc6 8.
Qd3 Qa5 9. Bxf6 gxf6 10. Ne4 Be7 11. Kb1 d5 12. Nd2 Bd7 13. Nb3 Qa4 14. Qd2 Ne5
15. e3 Rc8 16. Nf3 Nc4 17. Qd4 Rg8 18. g3 a5 19. e4 dxe4 20. Nfd2 b5 21. Nxe4
Ne5 22. Qxa4 bxa4 23. Nxa5 a3 24. b3 Bb4 25. Nc4 Nxc4 26. Bxc4 Ke7 27. c3 Bc6
28. f3 Bxe4+ 29. fxe4 Bxc3 30. Kc2 Be5 31. Rd3 h5 32. Rhd1 Rc7 33. Kd2 Rg4 34.
Ke3 h4 35. Kf3 Rg8 36. Bb5 Rb8 37. Rd7+ Rxd7 38. Rxd7+ Kf8 39. Bc4 hxg3 40. hxg3
Bb2 41. g4 Rc8 42. g5 fxg5 43. Kg4 Rc5 44. Rb7 Re5 45. Kf3 Kg7 46. Rd7 Kg6 47.
Rd1 f5 48. exf5+ exf5 49. Rd6+ Kg7 50. Bd3 Kf7 51. Ra6 Ke7 52. Bc4 Re4 53. Bd3
g4+ 54. Kf2 Rd4 55. Bc4 f4 56. Rg6 f3 57. Kg3 Rd2 58. Rxg4 Be5+ 59. Kh3 Rh2# 0-1

[Event "European Blitz 2022"]
[Site "Katowice POL"]
[Date "2022.12.16"]
[Round "10.36"]
[White "Kyc, Jerzy"]
[Black "Czerw, Dawid"]
[Result "1-0"]
[BlackTitle "IM"]
[WhiteElo "2230"]
[BlackElo "2373"]
[WhiteFideId "1163922"]
[BlackFideId "1145746"]
[EventDate "2022.12.16"]

1. e4 c5 2. Nf3 Nc6 3. Bc4 e6 4. O-O a6 5. a4 Qc7 6. Nc3 Nf6 7. Re1 h5 8. d3 Nd4
9. Nxd4 cxd4 10. Ne2 Nxe4 11. Nxd4 Nf6 12. Qf3 Be7 13. h3 d5 14. Bb3 Bd7 15. Bg5
Kf8 16. Qe3 Re8 17. Nf3 Bd6 18. Ne5 Bc6 19. Bf4 Nd7 20. Nxd7+ Qxd7 21. d4 Bxf4
22. Qxf4 Rh6 23. Re5 Kg8 24. Rae1 f6 25. R5e3 Kf7 26. a5 Re7 27. c4 Rg6 28. f3
Rg5 29. c5 Rf5 30. Qh4 Qe8 31. Bc2 Rg5 32. f4 Rg6 1-0